Newcastle United most expensive signings - Statistics

General Stats
  • This quiz has been taken 157 times
    63 since last reset
  • The average score is 9 of 10
Answer Stats
Signed from Season Fee (€) Player % Correct
Real Sociedad 22/23 70 million Alexander Isak
96%
AC Milan 23/24 58.9 million Sandro Tonali
95%
Nottingham Forest 25/26 61.4 million Anthony Elanga
93%
Everton 22/23 45.6 million Anthony Gordon
91%
Olympique Lyon 21/22 42.1 million Bruno Guimarães
89%
1899 Hoffenheim 19/20 44 million Joelinton
89%
Brentford 25/26 57.7 million Yoane Wissa
89%
VfB Stuttgart 25/26 85 million Nick Woltemade
88%
Leicester City 23/24 44 million Harvey Barnes
84%
Aston Villa 25/26 45.15 million Jacob Ramsey
79%
No matching quizzes found
Score Distribution
Percent of People with Each Score
Percentile by Number Answered
Your Score History
You have not taken this quiz since the last reset